000 00267nam a2200109Ia 4500
008 190216s9999||||xx |||||||||||||| ||und||
100 _aViswanathan R
245 0 _aElectronics For Scientist And Engineers
260 _bPrentice Hall
650 _aPhysics
942 _cBK
999 _c33081
_d33081